000 00387nam a2200181Ia 4500
001 883
005 20260306140550.0
008 260306t2013||||xx |||||||||||||| ||spa||
041 _aESP
082 _a171.4
_bM26
100 _aMarías, Julián
_eAUT
245 0 _aLa felicidad humana
260 _c2013
300 _a
_c
650 _aGEN
654 _aCHU
942 _cLIB
_dJUS
_fJUS
_2ddc
_n
999 _c883
_d883